Statistics for WWE Finishers Quiz

Click here to take the quiz!

General Stats

  • This quiz has been taken 52 times
  • The average score is 13 of 15

Answer Stats

Finisher Superstar % Correct
Tombstone PiledriverUndertaker
100%
RKORandy Orton
100%
Dirty DeedsDean Ambrose
95%
Curb StompSeth Rollins
92%
Go to sleepCM Punk
92%
F5Brock Lesnar
92%
Styles ClashAJ Styles
92%
ChokeslamKane
89%
AAJohn Cena
87%
Brogue KickSheamus
87%
SpearRoman Reigns
82%
Pop-up-powerbombKevin Owens
79%
GLORIOUS DDTBobby Roode
79%
JackhammerGoldberg
71%
KinshasaShinsuke Nakamura
63%

Score Distribution

Percentile by Number Answered

Percent of People with Each Score

Your Score History

You have not taken this quiz